00735nam a2200229Ia 4500003000900000008004100009020001800050040001600068080001200084245012600096260003700222300001000259650001300269650001000282650001800292650002600310650001900336700002800355942000700383999001700390952009800407IN-BaIIA211028s9999 xx 000 0 eng d a0-395-71069-3 cIIA Library a59bJOH 0aInformation please Almanac - Atlas and yearbook,1995.cedited by O. Johnson  aNew YorkbHoughton Mifflinc1995 a1024p aAlmanacs aAtlas aUnited States aUS Information920192 aYearbook93818 aJohnson, O., ed.920193 cBK c11678d11678 00104070aBANbBANcGENd1996-03-05eSBS l0o059/ JOHp12593r2021-11-05w1996-03-05yBK